|
|
|
|
| LEADER |
00616cam a2200181 7i4500 |
| 001 |
0000007462 |
| 005 |
20000310090000.0 |
| 020 |
0 |
0 |
|a 0862181151
|
| 090 |
0 |
0 |
|a CHIN 330.9
|b CAR
|
| 100 |
1 |
0 |
|a Cartledge
|
| 245 |
1 |
0 |
|a China's new order :
|b the impact of the latest government reforms.
|
| 260 |
0 |
0 |
|a Hong Kong:
|b The Economist Intelligence Unit,
|c 1999.
|
| 300 |
# |
# |
|a 106 p.
|
| 650 |
0 |
0 |
|a China --
|x Government reforms
|
| 651 |
0 |
0 |
|a China
|
| 999 |
|
|
|a B000011027
|b Book
|c Book
|e Business Information Centre
|
| 999 |
|
|
|a B000011026
|b Book
|c Book
|e Business Information Centre
|
| 999 |
|
|
|a B000011009
|b Book
|c Book
|e Business Information Centre
|